[Event "II liga Centralne Srbije-Istok"]
[Site "Jagodina"]
[Date "2007.10.20"]
[Round "10.2"]
[White "Bojovic, Dusan"]
[Black "Markovic, Milan"]
[Result "0-1"]
[WhiteElo "2222"]
[BlackElo "2325"]
[PlyCount "240"]
[EventDate "2007.09.09"]

1. e4 c5 2. Nf3 g6 3. d4 cxd4 4. Nxd4 Nc6 5. Nc3 Bg7 6. Be3 Nf6 7. Be2 O-O 8.
O-O d5 9. exd5 Nxd5 10. Nxd5 Nxd4 11. Bxd4 Qxd5 12. Bxg7 Qxd1 13. Raxd1 Kxg7
14. Rd2 Bf5 15. c4 Rac8 16. b3 Kf6 17. Rc1 Rfd8 18. Rcd1 Rxd2 19. Rxd2 e5 20.
f3 Be6 21. Kf2 Ke7 22. Ke3 g5 23. g4 h5 24. h3 b6 25. Bd3 hxg4 26. hxg4 Rh8 27.
Be4 Rh3 28. Rg2 Rh1 29. Rc2 Ra1 30. Kf2 Rh1 31. Ke3 Ra1 32. Rb2 Re1+ 33. Kf2
Rh1 34. Ke3 Kd6 35. Kd3 a5 36. Rd2 Rc1 37. Rc2 Re1 38. Kd2 Rg1 39. Kc3 Re1 40.
Kd2 Ra1 41. Kc3 Kc5 42. Re2 Rc1+ 43. Bc2 Kd6 44. Kb2 Rf1 45. Be4 f6 46. Kc3 Rh1
47. Rc2 Rh3 48. Rg2 Kc7 49. Kd3 Kd6 50. Kc3 Bd7 51. Kd3 Kc5 52. a3 Rh1 53. Kc3
Kd6 54. b4 Re1 55. Rd2+ Kc7 56. bxa5 bxa5 57. Rd5 Re3+ 58. Rd3 Rxd3+ 59. Kxd3
Kd6 60. Kd2 Kc5 61. Kc3 Be6 62. Bd3 Bf7 63. Bf1 Be8 64. Bd3 Bc6 65. Be4 Ba4 66.
Bd5 Be8 67. Be4 Bf7 68. Bd3 Be6 69. Be2 f5 70. gxf5 Bxf5 71. Bf1 Be6 72. Be2
Bf5 73. Bf1 e4 74. fxe4 Bxe4 75. Bh3 Bf3 76. Bc8 Be2 77. Be6 Kd6 78. Bc8 Kc5
79. Be6 Bf3 80. Bc8 Bc6 81. Bg4 Be8 82. Be6 Kd6 83. Bg4 Bd7 84. Bd1 Ke5 85. Kd3
Bc8 86. Ke3 Bd7 87. Be2 Be6 88. Kd3 Bf5+ 89. Ke3 Bg6 90. Bg4 Bf7 91. Be2 Be6
92. Kd3 Bc8 93. Ke3 Bb7 94. Kd3 Kf4 95. Kd4 Bf3 96. Bf1 g4 97. Kd3 Be4+ 98. Kd2
Bc6 99. Ke2 Bb7 100. Kf2 g3+ 101. Ke1 Ke5 102. Bd3 Kd4 103. Bf5 Ba6 104. Bh3
Bxc4 105. Kd2 Bd5 106. Bf1 Be4 107. Bh3 Bf5 108. Bf1 Bd7 109. Bg2 Be6 110. Bf1
Bd5 111. Bh3 Kc4 112. Kc2 Be4+ 113. Kb2 a4 114. Bf1+ Kd4 115. Bh3 Ke3 116. Bf1
Kd2 117. Bh3 Bc6 118. Bf1 Bf3 119. Bh3 Be4 120. Bf1 Ke1 0-1

[Event "II liga Centralne Srbije-Istok"]
[Site "Jagodina"]
[Date "2007.10.20"]
[Round "10.2"]
[White "Popovic, Djordje D"]
[Black "Milutinovic, Zoran"]
[Result "1-0"]
[WhiteElo "2262"]
[BlackElo "2174"]
[PlyCount "121"]
[EventDate "2007.09.09"]

1. d4 c6 2. c4 d5 3. Nf3 e6 4. Nc3 f5 5. g3 Nf6 6. Bg2 Bd6 7. O-O O-O 8. Bf4
Qe7 9. e3 b6 10. Bxd6 Qxd6 11. cxd5 Ba6 12. Re1 cxd5 13. Qa4 Bb7 14. Rac1 a6
15. Ne2 Nbd7 16. Nf4 Ne4 17. Nd3 Rac8 18. Nfe5 Nxe5 19. Nxe5 b5 20. Qa5 Qd8 21.
Qb4 Qd6 22. Qa5 Qd8 23. Qa3 Qd6 24. Qxd6 Nxd6 25. Nd7 Rxc1 26. Rxc1 Rc8 27. Rc5
Rxc5 28. Nxc5 Kf7 29. Bf1 Bc8 30. a4 Ke7 31. b3 Bd7 32. axb5 axb5 33. Bd3 Bc6
34. f3 Kf6 35. Na6 Nb7 36. Nb4 Be8 37. Bc2 Nd8 38. Bd3 Nb7 39. f4 Ke7 40. Kf2
Kd6 41. h3 Na5 42. Bc2 Bh5 43. Nd3 Nc6 44. Nc5 Nb4 45. Bd3 Be8 46. Ke2 Bc6 47.
Kd2 Nxd3 48. Nxd3 Be8 49. Kc3 Bh5 50. Kb4 Be2 51. Nc5 h6 52. h4 g6 53. Ka5 Bf1
54. Kb6 Be2 55. b4 Bc4 56. Na6 g5 57. hxg5 hxg5 58. Nc7 gxf4 59. gxf4 Ke7 60.
Nxb5 Kf6 61. Nc7 1-0

[Event "II liga Centralne Srbije-Istok"]
[Site "Jagodina"]
[Date "2007.10.20"]
[Round "10.2"]
[White "Jovanovic, Dragan"]
[Black "Komnenic, Branko"]
[Result "0-1"]
[WhiteElo "2122"]
[BlackElo "2280"]
[PlyCount "154"]
[EventDate "2007.09.09"]

1. d4 Nf6 2. c4 e6 3. Nc3 c5 4. e3 Be7 5. Nf3 O-O 6. Bd3 d6 7. O-O b6 8. Bd2
Bb7 9. Rc1 a6 10. Re1 Nbd7 11. Qe2 Qc7 12. Bb1 Rac8 13. b3 Rfe8 14. h3 Qb8 15.
Red1 Qa8 16. e4 cxd4 17. Nxd4 Bd8 18. Nf3 Nc5 19. Re1 h6 20. Bf4 Bc7 21. Rcd1
e5 22. Bc1 b5 23. b4 Na4 24. Nxa4 bxa4 25. Nh4 Rcd8 26. Nf5 Bc8 27. Qf3 Bxf5
28. Qxf5 Re6 29. Qf3 a5 30. b5 Bb6 31. Be3 Nd7 32. Rd2 Qb8 33. Red1 Rc8 34. Bd3
Bxe3 35. Qxe3 Nb6 36. Rc1 Rc5 37. Be2 Qc7 38. Qc3 Qa7 39. Rcd1 Qc7 40. Qxa5 Kf8
41. Rc2 Re8 42. Rdc1 Qb7 43. Qd2 Qc7 44. Qd3 Re6 45. Rc3 Re8 46. Qc2 g6 47. Qd2
Kg7 48. g3 h5 49. Qg5 f6 50. Qe3 Rf8 51. f4 h4 52. f5 Rh8 53. fxg6 hxg3 54.
Qxg3 Rh6 55. Kh2 Rxg6 56. Qd3 Kf8 57. Qe3 Qg7 58. Rg1 Rxg1 59. Qxg1 Qxg1+ 60.
Kxg1 f5 61. Rf3 f4 62. Rc3 Rc7 63. Kf2 Nd7 64. h4 Nc5 65. Bf3 Rg7 66. Ke2 Rg3
67. Rc1 Ke7 68. h5 Nxe4 69. h6 Nf6 70. Rh1 e4 71. Bxe4 Re3+ 72. Kd2 Rxe4 73. h7
Nxh7 74. Rxh7+ Ke6 75. Kd3 Re1 76. b6 f3 77. Rh2 Kd7 0-1

[Event "II liga Centralne Srbije-Istok"]
[Site "Jagodina"]
[Date "2007.10.20"]
[Round "10.2"]
[White "Illijin, Neboisa"]
[Black "Rilak, Slavoljub"]
[Result "1/2-1/2"]
[WhiteElo "2250"]
[BlackElo "2089"]
[PlyCount "72"]
[EventDate "2007.09.09"]

1. Nf3 d5 2. d4 Nf6 3. c4 e6 4. Nc3 a6 5. Bg5 Be7 6. e3 dxc4 7. Bxc4 b5 8. Be2
Bb7 9. O-O Nbd7 10. Rc1 Rc8 11. a4 b4 12. Na2 a5 13. Nd2 c5 14. Nc4 O-O 15. Bf3
Ba6 16. b3 Bxc4 17. Rxc4 Nb6 18. Rc1 c4 19. bxc4 Rxc4 20. Rxc4 Nxc4 21. Be2 Nb6
22. Bxf6 Bxf6 23. Nc1 Nd5 24. Bb5 Nc3 25. Qd3 Qb6 26. Nb3 Rc8 27. Rc1 Be7 28.
f3 g6 29. g3 Rb8 30. Ra1 Ra8 31. Qc4 Rb8 32. Kf2 Bd8 33. Ba6 Ra8 34. Bb5 Rb8
35. Ba6 Ra8 36. Bb5 Rb8 1/2-1/2

[Event "II liga Centralne Srbije-Istok"]
[Site "Jagodina"]
[Date "2007.10.20"]
[Round "10.4"]
[White "Raicevic, Ivica"]
[Black "Stojanovic, Zlatko"]
[Result "0-1"]
[WhiteElo "2323"]
[BlackElo "2225"]
[PlyCount "89"]
[EventDate "2007.09.09"]

1. c4 c5 2. Nc3 Nc6 3. g3 g6 4. Bg2 Bg7 5. a3 b6 6. d3 Bb7 7. e4 e6 8. Nge2
Nge7 9. O-O Nd4 10. Nxd4 cxd4 11. Ne2 O-O 12. f4 d6 13. b4 Qd7 14. Bb2 e5 15.
b5 Kh8 16. f5 gxf5 17. Bh3 Qc7 18. exf5 f6 19. Bc1 d5 20. cxd5 Qd7 21. Bg2 Nxf5
22. Qb3 Rfd8 23. Bd2 Ne7 24. d6 Nc8 25. Bxb7 Qxb7 26. Rac1 Nxd6 27. Rc6 Rac8
28. Rfc1 Rxc6 29. bxc6 Qc7 30. g4 Qc8 31. h3 f5 32. c7 Rg8 33. Qd5 Nb7 34. Bb4
fxg4 35. h4 g3 36. Rc6 a5 37. Be7 Nc5 38. Nxg3 Na6 39. Bd6 Re8 40. Kg2 Nc5 41.
Bxc5 bxc5 42. Qxc5 e4 43. dxe4 Be5 44. Nf5 d3 45. Qd5 0-1

[Event "II liga Centralne Srbije-Istok"]
[Site "Jagodina"]
[Date "2007.10.20"]
[Round "10.4"]
[White "Nikolic, Zoran"]
[Black "Bura, Goran"]
[Result "1-0"]
[WhiteElo "2169"]
[BlackElo "2263"]
[PlyCount "50"]
[EventDate "2007.09.09"]

1. d4 Nf6 2. Nf3 d6 3. c4 Bf5 4. Nc3 g6 5. g3 Ne4 6. Bg2 Nxc3 7. bxc3 Be4 8.
O-O Bg7 9. Nd2 Bxg2 10. Kxg2 O-O 11. Rb1 b6 12. Qa4 c5 13. Nf3 Qc8 14. Rxb6
axb6 15. Qxa8 Nc6 16. Qa4 cxd4 17. cxd4 Nxd4 18. Be3 Nxe2 19. Bxb6 Nf4+ 20. Kh1
Qh3 21. Rg1 Ne2 22. Re1 Qg4 23. Qc6 Rb8 24. Nd2 Bf8 25. Rf1 d5 1-0

[Event "II liga Centralne Srbije-Istok"]
[Site "Jagodina"]
[Date "2007.10.20"]
[Round "10.4"]
[White "Turudic, Nenad"]
[Black "Ilcic, Radoslav"]
[Result "1-0"]
[WhiteElo "2232"]
[BlackElo "2201"]
[PlyCount "90"]
[EventDate "2007.09.09"]

1. e4 e5 2. Nf3 Nc6 3. Bb5 a6 4. Ba4 Nf6 5. d3 d6 6. c3 Bd7 7. O-O Be7 8. Re1
O-O 9. Nbd2 Re8 10. Nf1 h6 11. Bc2 Bf8 12. Ng3 Ne7 13. d4 Ng6 14. h3 c5 15. Be3
Rc8 16. Qd2 Qc7 17. d5 b5 18. a4 Rb8 19. axb5 axb5 20. b4 Ra8 21. Bd3 Rec8 22.
Rxa8 Rxa8 23. Qb2 c4 24. Bc2 Qb7 25. Ra1 Ra6 26. Ra5 Be7 27. Qa3 Bc8 28. Rxa6
Qxa6 29. Qxa6 Bxa6 30. Nf5 Bc8 31. N3h4 Nxd5 32. exd5 Bxh4 33. Nxd6 Bd7 34. Bf5
Bxf5 35. Nxf5 Bf6 36. d6 Bd8 37. Bc5 f6 38. d7 Kf7 39. Nd6+ Ke6 40. Nxb5 Kxd7
41. Na3 Nf4 42. Kf1 Nd5 43. Nxc4 Nxc3 44. Bf8 g5 45. g3 h5 1-0

[Event "II liga Centralne Srbije-Istok"]
[Site "Jagodina"]
[Date "2007.10.20"]
[Round "10.4"]
[White "Milenkovic, Slavisa"]
[Black "Marinkovic, Vojkan"]
[Result "0-1"]
[WhiteElo "2179"]
[BlackElo "2065"]
[PlyCount "105"]
[EventDate "2007.09.09"]

1. Nf3 c5 2. e4 d6 3. Nc3 Nf6 4. d4 cxd4 5. Nxd4 g6 6. Be3 Bg7 7. f3 Nc6 8. Qd2
Bd7 9. g4 Ne5 10. O-O-O Rc8 11. h4 h5 12. g5 Nh7 13. Be2 Nc4 14. Bxc4 Rxc4 15.
Kb1 Nf8 16. Nd5 a6 17. Nb3 Be6 18. Na5 Bxd5 19. exd5 Ra4 20. Nb3 Nd7 21. f4 Nb6
22. Bxb6 Qxb6 23. Rde1 Qc7 24. Rhf1 O-O 25. Qe2 Re8 26. f5 Be5 27. fxg6 fxg6
28. Qd3 Kg7 29. Rf2 Qc4 30. Qf3 Qf4 31. Qg2 Qxh4 32. Ref1 Kh7 33. Rf7+ Bg7 34.
Qf3 Rg8 35. Rxe7 Qxg5 36. Rxb7 Qe5 37. c3 Re4 38. Rd1 Re1 39. Rxe1 Qxe1+ 40.
Kc2 Re8 41. Nd4 Qe5 42. Ne6 Rxe6 43. dxe6 Qxe6 44. a4 h4 45. Rb4 Bf6 46. Rf4
Kg7 47. b4 h3 48. b5 axb5 49. axb5 h2 50. b6 Qa2+ 51. Kd3 Qb1+ 52. Kc4 h1=Q 53.
Rxf6 0-1

[Event "II liga Centralne Srbije-Istok"]
[Site "Jagodina"]
[Date "2007.10.20"]
[Round "10.4"]
[White "Minic, Ivan"]
[Black "Lalovic, Srecko"]
[Result "0-1"]
[WhiteElo "2122"]
[BlackElo "2216"]
[PlyCount "116"]
[EventDate "2007.09.09"]

1. d4 d5 2. Nf3 Nf6 3. Bg5 e6 4. e3 c6 5. Bd3 Nbd7 6. c3 Bd6 7. Nbd2 e5 8. dxe5
Nxe5 9. Nxe5 Bxe5 10. Qc2 h6 11. Bh4 Qe7 12. Nf3 Bd6 13. O-O O-O 14. c4 dxc4
15. Bxc4 Bg4 16. Rad1 Rad8 17. Rd4 Be6 18. Rfd1 Bc7 19. Qb3 Bc8 20. Qc3 Rxd4
21. Rxd4 Rd8 22. Qd3 Bb6 23. Rxd8+ Qxd8 24. Qxd8+ Bxd8 25. Ne5 Be6 26. Bxe6
fxe6 27. Bxf6 Bxf6 28. Nd3 Kf7 29. Kf1 Ke7 30. Ke2 Kd6 31. b3 Bc3 32. f3 b5 33.
Nf2 Kc5 34. Nd3+ Kd6 35. Kd1 c5 36. Kc2 Bf6 37. Nf2 Kd5 38. Ne4 Be5 39. h3 c4
40. bxc4+ Kxc4 41. a3 a5 42. Nd2+ Kc5 43. Ne4+ Kc6 44. Kb3 Bc7 45. Nc3 Bb6 46.
e4 Be3 47. Nd1 Bd4 48. Kc2 Kc5 49. Kd3 b4 50. axb4+ axb4 51. f4 b3 52. f5 exf5
53. exf5 Kd5 54. g4 b2 55. Kc2 Ke5 56. Nxb2 Bxb2 57. Kxb2 Kf4 58. Kc3 Kg3 0-1

[Event "II liga Centralne Srbije-Istok"]
[Site "Jagodina"]
[Date "2007.10.20"]
[Round "10.5"]
[White "Marjanovic, Miroslav"]
[Black "Ilic, Aleksandar"]
[Result "1/2-1/2"]
[WhiteElo "2093"]
[BlackElo "2081"]
[PlyCount "24"]
[EventDate "2007.09.09"]

1. e4 c5 2. Nf3 d6 3. d4 cxd4 4. Nxd4 Nf6 5. Nc3 a6 6. Be3 e5 7. Nb3 Be6 8. Be2
Nbd7 9. O-O b5 10. a3 Rc8 11. f4 Be7 12. Kh1 Bc4 1/2-1/2

[Event "II liga Centralne Srbije-Istok"]
[Site "Jagodina"]
[Date "2007.10.20"]
[Round "10.6"]
[White "Brankovic, Dejan"]
[Black "Dimitrijevic, Srdjan"]
[Result "1/2-1/2"]
[WhiteElo "2395"]
[BlackElo "2313"]
[PlyCount "20"]
[EventDate "2007.09.09"]

1. e4 c5 2. Nf3 Nc6 3. d4 cxd4 4. Nxd4 g6 5. c4 Nf6 6. Nc3 d6 7. Nc2 Bg7 $11 8.
Be2 O-O 9. O-O a5 10. Rb1 Nd7 1/2-1/2

[Event "II liga Centralne Srbije-Istok"]
[Site "Jagodina"]
[Date "2007.10.20"]
[Round "10.6"]
[White "Petkovic, Dragoslav"]
[Black "Zlatanovic, Boroljub"]
[Result "0-1"]
[WhiteElo "2281"]
[BlackElo "2371"]
[PlyCount "111"]
[EventDate "2007.09.09"]

1. e4 e6 2. d3 d5 3. Nd2 Nc6 4. Ngf3 Nf6 5. g3 Bc5 6. Bg2 dxe4 7. dxe4 O-O 8.
O-O e5 9. c3 a5 10. a4 b6 11. Qe2 Ba6 12. Nc4 Ne8 13. b3 Nd6 14. Nfd2 Qd7 15.
Re1 Qe6 16. Bf1 Qf6 17. Bh3 Nd8 18. Kg2 N8b7 19. Bd7 Rad8 20. Bg4 Nxc4 21. Nxc4
Nd6 22. Ra2 Nxc4 23. bxc4 Qd6 24. Bg5 f6 25. Bd2 Qe7 26. Qf1 Qf7 27. Be2 Rd6
28. h4 Rfd8 29. Bc1 Rc6 30. Rd1 Rxd1 31. Qxd1 Rd6 32. Qf1 Bb7 33. Bf3 Qd7 34.
Qe2 Bc8 35. Be3 Bxe3 36. Qxe3 Rd3 37. Bg4 Qd8 38. Qe2 Bxg4 39. Qxg4 Rxc3 40. h5
Rd3 41. Qe6+ Kf8 42. h6 Qd7 43. hxg7+ Kxg7 44. Qxd7+ Rxd7 45. c5 Rd4 46. Kf3
bxc5 47. Rc2 c4 48. Ke3 Kf7 49. Rc1 Ke6 50. g4 Kd6 51. f4 Kc5 52. Rh1 Rd3+ 53.
Ke2 exf4 54. Rxh7 c6 55. Rf7 f3+ 56. Kf2 0-1

[Event "II liga Centralne Srbije-Istok"]
[Site "Jagodina"]
[Date "2007.10.20"]
[Round "10.6"]
[White "Puzic, Slobodan"]
[Black "Stankovic, Nemanja"]
[Result "1/2-1/2"]
[WhiteElo "2133"]
[BlackElo "2085"]
[PlyCount "30"]
[EventDate "2007.09.09"]

1. f4 d5 2. Nf3 g6 3. e3 Bg7 4. d4 c6 5. Bd3 Nh6 6. O-O O-O 7. c3 Bf5 8. b3 Nd7
9. Ba3 Re8 10. Qe2 Nf6 11. Nbd2 Bxd3 12. Qxd3 Nf5 13. e4 dxe4 14. Nxe4 Nd5 15.
g3 Qa5 1/2-1/2